<?xml version="1.0" encoding="UTF-8"?>
<record
    xmlns:xsi="http://www.w3.org/2001/XMLSchema-instance"
    xsi:schemaLocation="http://www.loc.gov/MARC21/slim http://www.loc.gov/standards/marcxml/schema/MARC21slim.xsd"
    xmlns="http://www.loc.gov/MARC21/slim">

  <leader>00595nam a22001817a 4500</leader>
  <controlfield tag="003">OSt</controlfield>
  <controlfield tag="005">20161122173721.0</controlfield>
  <controlfield tag="008">161122s2016    spc|||||||||||||| ||spa|d</controlfield>
  <datafield tag="020" ind1=" " ind2=" ">
    <subfield code="a">9788425229022</subfield>
  </datafield>
  <datafield tag="040" ind1=" " ind2=" ">
    <subfield code="b">cat</subfield>
    <subfield code="c">CDMR</subfield>
  </datafield>
  <datafield tag="100" ind1="1" ind2=" ">
    <subfield code="a">Lewis, Angharad </subfield>
  </datafield>
  <datafield tag="245" ind1="1" ind2="0">
    <subfield code="a">&#xBF;Quieres publicar una revista? </subfield>
    <subfield code="b">: autoedici&#xF3;n, dise&#xF1;o, creaci&#xF3;n y distribuci&#xF3;n de publicaciones independientes</subfield>
    <subfield code="c">Angharad Lewis</subfield>
  </datafield>
  <datafield tag="260" ind1=" " ind2=" ">
    <subfield code="a">Barcelona :</subfield>
    <subfield code="b">Gustavo Gili,</subfield>
    <subfield code="c">2016</subfield>
  </datafield>
  <datafield tag="300" ind1=" " ind2=" ">
    <subfield code="a">168 p. :</subfield>
    <subfield code="b">il.;</subfield>
    <subfield code="c">23 cm</subfield>
  </datafield>
  <datafield tag="650" ind1="0" ind2="7">
    <subfield code="a">Revistes</subfield>
    <subfield code="x">Manuals, guies, etc</subfield>
    <subfield code="2">lemac</subfield>
    <subfield code="9">3237</subfield>
  </datafield>
  <datafield tag="650" ind1="0" ind2="4">
    <subfield code="a">Revistes</subfield>
    <subfield code="x">Edici&#xF3;</subfield>
    <subfield code="9">3237</subfield>
  </datafield>
  <datafield tag="942" ind1=" " ind2=" ">
    <subfield code="c">MON</subfield>
  </datafield>
  <datafield tag="999" ind1=" " ind2=" ">
    <subfield code="c">6975</subfield>
    <subfield code="d">6975</subfield>
  </datafield>
  <datafield tag="952" ind1=" " ind2=" ">
    <subfield code="0">0</subfield>
    <subfield code="1">0</subfield>
    <subfield code="4">0</subfield>
    <subfield code="7">0</subfield>
    <subfield code="a">CDMR</subfield>
    <subfield code="b">CDMR</subfield>
    <subfield code="d">2016-11-22</subfield>
    <subfield code="e">Intercanvi</subfield>
    <subfield code="g">24.90</subfield>
    <subfield code="l">19</subfield>
    <subfield code="m">17</subfield>
    <subfield code="o">Dm /24</subfield>
    <subfield code="p">CDMR16110004</subfield>
    <subfield code="r">2019-07-25</subfield>
    <subfield code="s">2019-07-22</subfield>
    <subfield code="v">24.90</subfield>
    <subfield code="w">2016-11-22</subfield>
    <subfield code="y">MON</subfield>
  </datafield>
</record>
